[Event "Petrolina Cordioli Memorial op"]
[Site "Petrolina"]
[Date "2008.10.12"]
[Round "7.6"]
[White "De Oliveira Reis, Paulo Fernando"]
[Black "Silva de Sousa, Thiago Eutropio"]
[Result "1-0"]
[WhiteElo "2332"]
[BlackElo "1725"]
[PlyCount "23"]
[EventDate "2008.10.09"]
[EventType "swiss"]
[EventRounds "7"]
[EventCountry "BRA"]
[SourceTitle "EXT 2022"]
[Source "ChessBase"]
[SourceDate "2021.10.06"]
[SourceVersion "1"]
[SourceVersionDate "2021.10.06"]
[SourceQuality "1"]

1. d4 g6 2. e4 d6 3. Nc3 Bg7 4. Bc4 f5 5. Nf3 h6 6. Nh4 g5 7. Qh5+ Kd7 8. Nxf5 Qf8 9. Qg6 Bf6 10. e5 dxe5 11. dxe5 Bxe5 12. Qe6+ 1-0

[Event "Petrolina Cordioli Memorial op"]
[Site "Petrolina"]
[Date "2008.10.11"]
[Round "5.4"]
[White "De Oliveira Reis, Paulo Fernando"]
[Black "Chang, Suzana"]
[Result "1-0"]
[WhiteElo "2332"]
[BlackElo "2086"]
[PlyCount "65"]
[EventDate "2008.10.09"]
[EventType "swiss"]
[EventRounds "7"]
[EventCountry "BRA"]
[SourceTitle "EXT 2022"]
[Source "ChessBase"]
[SourceDate "2021.10.06"]
[SourceVersion "1"]
[SourceVersionDate "2021.10.06"]
[SourceQuality "1"]

1. g3 d5 2. Nf3 Nf6 3. Bg2 e6 4. 0-0 Be7 5. c4 0-0 6. d4 c6 7. Nbd2 Nbd7 8. Qc2 b5 9. c5 Qc7 10. e4 e5 11. exd5 cxd5 12. Nb3 Ne4 13. dxe5 Bxc5 14. Nxc5 Qxc5 15. Qxc5 Ndxc5 16. Rd1 f6 17. Be3 Bb7 18. Rac1 Rac8 19. exf6 gxf6 20. Nd4 Na4 21. Rb1 a6 22. Bh3 Ra8 23. Be6+ Kh8 24. Nf5 Rfe8 25. Bxd5 Bxd5 26. Rxd5 Rac8 27. Nd6 Nxd6 28. Rxd6 Rc2 29. Rxf6 Rd8 30. Rxa6 Nxb2 31. Bh6 Kg8 32. Rf6 b4 33. Re1 1-0

[Event "Petrolina Cordioli Memorial op"]
[Site "Petrolina"]
[Date "2008.10.10"]
[Round "2.2"]
[White "Zallio, Luciano de Souza"]
[Black "De Oliveira Reis, Paulo Fernando"]
[Result "1-0"]
[WhiteElo "2007"]
[BlackElo "2332"]
[PlyCount "47"]
[EventDate "2008.10.09"]
[EventType "swiss"]
[EventRounds "7"]
[EventCountry "BRA"]
[SourceTitle "EXT 2022"]
[Source "ChessBase"]
[SourceDate "2021.10.06"]
[SourceVersion "1"]
[SourceVersionDate "2021.10.06"]
[SourceQuality "1"]

1. e4 d6 2. d4 Nf6 3. Nc3 g6 4. f4 Bg7 5. Nf3 0-0 6. Be3 Nbd7 7. Bd3 c5 8. Qd2 a6 9. 0-0-0 Ng4 10. Bg1 cxd4 11. Nxd4 e5 12. Nde2 exf4 13. Nxf4 Nde5 14. Be2 Qa5 15. Qxd6 Nc6 16. Nfd5 Be5 17. Qc5 Qd8 18. Nb6 Qg5+ 19. Kb1 Rb8 20. h3 Nf6 21. g4 Be6 22. h4 Qf4 23. Bh2 Nxe4 24. Qxe5 1-0

[Event "Petrolina Cordioli Memorial op"]
[Site "Petrolina"]
[Date "2008.10.09"]
[Round "1.2"]
[White "De Oliveira Reis, Paulo Fernando"]
[Black "De Oliveira, Hebert Silva"]
[Result "1-0"]
[WhiteElo "2332"]
[BlackElo "1882"]
[PlyCount "84"]
[EventDate "2008.10.09"]
[EventType "swiss"]
[EventRounds "7"]
[EventCountry "BRA"]
[SourceTitle "EXT 2022"]
[Source "ChessBase"]
[SourceDate "2021.10.06"]
[SourceVersion "1"]
[SourceVersionDate "2021.10.06"]
[SourceQuality "1"]

1. d4 Nf6 2. c4 e5 3. dxe5 Ng4 4. Bf4 Nc6 5. Nf3 Bb4+ 6. Nbd2 Qe7 7. e3 Ngxe5 8. Nxe5 Nxe5 9. Be2 0-0 10. 0-0 Bxd2 11. Qxd2 d6 12. Rac1 Be6 13. Rfd1 b6 14. c5 bxc5 15. Bxe5 dxe5 16. Qa5 Rab8 17. b3 c4 18. Bxc4 Bxc4 19. Rxc4 Rb7 20. Rc5 Rd8 21. Rxd8+ Qxd8 22. Rd5 Qf6 23. Rxe5 g6 24. Qc3 Kg7 25. f4 h5 26. g3 c6 27. Kf2 Rb5 28. Kf3 Rd5 29. h3 Rd6 30. Rc5 Qxc3 31. Rxc3 Kf8 32. Rc5 Ke7 33. Re5+ Kf8 34. Ra5 Rd7 35. g4 hxg4+ 36. hxg4 f6 37. Ra6 Rc7 38. Ke4 Ke7 39. Kd4 Kd6 40. b4 Rb7 41. a3 Kd7 42. Kc4 Kd6 1-0